000 01736nam a2200433 i 4500
001 29496
003 FINmELB
005 20241216220138.0
006 m o u
007 cr cn|||||||||
008 211029s2018 ck a ob 000 0 spa d
020 _z9789588721897
020 _a9789588721910
_q(e-book)
035 _a(OCoLC)1285724452
040 _aFINmELB
_bspa
_erda
_cFINmELB
050 1 4 _aLB2326.3
_bE974 2018
080 _a378
082 0 4 _a378.0072
_223
245 0 0 _aExperiencias de aprendizaje significativo para la apropiación de conocimientos en ciencias económicas, administrativas y contables /
_ccompiladora, Claudia Milena Pico Bonilla.
264 1 _aBogotá :
_bEditorial Politécnico Grancolombiano,
_c2018.
300 _a1 recurso en línea (183 páginas) :
_bilustraciones
336 _atexto
_btxt
_2rdamedia/spa
337 _acomputadora
_bc
_2rdamedia/spa
338 _arecurso en línea
_bcr
_2rdacarrier/spa
504 _aContiene bibliografía.
588 _aDescripción basada en metadatos suministrados por el editor y otras fuentes.
590 _aRecurso electrónico. Santa Fe, Arg.: elibro, 2021. Disponible vía World Wide Web. El acceso puede estar limitado para las bibliotecas afiliadas a elibro.
650 0 _aEducation, Higher
_xResearch.
650 0 _aEducation, Higher
_zColombia.
650 4 _aEnseñanza superior
_xInvestigación.
650 4 _aEnseñanza superior
_zColombia.
655 4 _aLibros electrónicos.
700 1 _aMilena Pico, Claudia,
_ecompilador.
797 2 _aelibro, Corp.
856 4 0 _uhttps://elibro.net/ereader/politecnicointernacional/127372
999 _c29496
_d29496